00430nam a2200157Ia 450000500170000000800410001702000150005808200160007324500290008926000510011830000170016965000190018665000140020570000270021970000260024620240724061425.0240331s9999 xx 000 0 und d a0226508773 a291.09bFUN 0aFundamentalisms observed aChicagobThe university of Chicago pressc1991 axv, 872 p ., aFundamentalism aReligious aMarty, Martin Eeedt aAppleby, Scott Reedt